000 00392 a2200109 4500
001 ART_2181
005 20260410161723.0
008 260409a
245 1 0 _aAlgunas consideraciones, aspectos prácticos e interpretaciones del régimen de moneda constante
100 1 _aLuppi, Hugo Alberto
773 0 _tAdministración de empresas
_g- Año XV, Nº 173 (ago. 1984)
_wREV2036
999 _c17154
_d17154